Logistics Simulation Game Proposal – A Tool for Employees' Induction

Obsahové vymedzenie pojmu simulácia. Jej využitie v logistike. Porovnanie parametrov, variability a cieľov hier. Návrh logistickej simulačnej hry - prípadová štúdia.

Enregistré dans:
Détails bibliographiques
Auteur principal: Olexová, Cecília, 1976-
Autres auteurs: Gajdoš, Jozef, 1962-2025
Format: Chapitre de livre
Langue:anglais
Sujets:
Tags: Ajouter un tag
Pas de tags, Soyez le premier à ajouter un tag!

MARC

LEADER 00000naa a2200000 4500
001 0226365
005 20250318094703.7
041 0 |a eng 
044 |a SK 
245 1 0 |a Logistics Simulation Game Proposal – A Tool for Employees' Induction  |c Cecília Olexová, Jozef Gajdoš 
520 |a Obsahové vymedzenie pojmu simulácia. Jej využitie v logistike. Porovnanie parametrov, variability a cieľov hier. Návrh logistickej simulačnej hry - prípadová štúdia. 
610 2 0 |a logistika 
610 2 0 |a adaptácia 
610 2 0 |a simulácia 
610 2 0 |a zamestnanci 
610 2 0 |a teória hier 
100 1 |a Olexová, Cecília, 1976- 
700 1 |a Gajdoš, Jozef, 1962-2025